O direito civil entre o sujeito e a pessoa : (Record no. 329)

MARC details
000 -LÍDER
Campo Fixo de Controle 01021cam a2200277 a 4500
001 - NÚMERO DE CONTROLE
Campo de Controle 329
003 - IDENTIFICAÇÃO DO NÚMERO DE CONTROLE
Campo de Controle BR-CuiBMT
005 - DATA E HORA DA ÚLTIMA ATUALIZAÇÃO
Campo de Controle 20231121200652.0
008 - DADOS FIXOS
Dados Fixos 231030s2016 mgb 000 0 por d
020 ## - INTERNATIONAL STANDARD BOOK NUMBER
Nº do ISBN 9788545001805
040 ## - AGÊNCIA CATALOGADORA
Código da Agência Catalogadora BR-CuiBMT
Agência que transcreveu o registro BR-CuiBMT
080 ## - Nº DA CLASSIFICAÇÃO DECIMAL UNIVERSAL
Nº edição CDU 2007
Nº Class. CDU 347
090 ## - NÚMERO DE CHAMADA
Nº classificação 347
Cutter D598
245 02 - TÍTULO PRINCIPAL
Título principal O direito civil entre o sujeito e a pessoa :
Subtítulo estudos em homenagem ao professor Stefano Rodotà /
Indicação de responsabilidade Gustavo Tepedino, Ana Carolina Brochado Teixeira, Vitor Almeida, coordenadores ; [autores Aline de Miranda Valverde Terra ... et al.].
260 ## - PUBLICAÇÃO, DISTRIBUIÇÃO, ETC.
Local de publicação Belo Horizonte :
Editora Fórum,
Data 2016.
300 ## - DESCRIÇÃO FÍSICA
N. páginas ou volumes 488 p. ;
Dimensões 21 cm
504 ## - NOTA DE BIBLIOGRAFIA, ETC.
Nota de bibliografia Inclui bibliografia.
600 1# - ASSUNTO -- NOME PESSOAL
Nome pessoal Rodotà, Stefano
Subdivisão geral Jurista
Subdivisão geográfica Itália
650 ## - ASSUNTO TÓPICO
Cabeçalho tópico ou nome geográfico Direito civil
Subdivisão geográfica Brasil
650 ## - ASSUNTO TÓPICO
Cabeçalho tópico ou nome geográfico Direito constitucional
Subdivisão geográfica Brasil
700 1# - ENTRADA SECUNDÁRIA -- NOME PESSOAL
Nome pessoal Tepedino, Gustavo
Cód. do termo explicativo coord.
700 1# - ENTRADA SECUNDÁRIA -- NOME PESSOAL
Nome pessoal Teixeira, Ana Carolina Brochado
Cód. do termo explicativo coord.
700 ## - ENTRADA SECUNDÁRIA -- NOME PESSOAL
Nome pessoal Almeida, Vitor
Cód. do termo explicativo coord.
710 1# - ENTRADA SECUNDÁRIA -- ENTIDADE
Nome da entidade ou lugar Terra, Aline de Miranda Valverde
Termo de relação et al.
-- autores
942 ## - ELEMENTOS DE ENTRADA ADICIONAIS (KOHA)
Fonte de classificação ou esquema de arquivamento Classificação Decimal Universal
Tipo de item do Koha Livros
Holdings
Estado: removido Estado: perdido Fonte de classificação ou esquema de arquivamento Estado: danificado Indisponível para empréstimo Localização permanente Localização atual Data de aquisição Total Checkouts Número de Chamada completo Código de barras Date last seen Número do exemplar Preço efetivo a partir de Tipo de item (Koha)
    Classificação Decimal Universal     Biblioteca da Escola Superior de Contas do TCE/MT Biblioteca da Escola Superior de Contas do TCE/MT 30/10/2023   347 D598 BIBTCEMT23100039 30/10/2023 Ex. 1 30/10/2023 Livros
    Classificação Decimal Universal     Biblioteca da Escola Superior de Contas do TCE/MT Biblioteca da Escola Superior de Contas do TCE/MT 30/10/2023   347 D598 BIBTCEMT23100040 30/10/2023 Ex. 2 30/10/2023 Livros

Powered by Koha